Le temps de l’Avent - Mort subite - Statistiques

Statistiques générales
  • Ce quiz a été pris 5 227 fois
  • Le résultat moyen est 4 sur 14
Answers on the Grid
Answers color-coded by a green-red scale on the quiz's grid according to % correct below.
50 jours
Anticipation
Calendrier
Chant de Gloire à Dieu
Couronne
Décembre
Dernier temps de l'année liturgique
Dimanche de Gaudete
Dimanche de Laetare
Épiphanie
Fête de Saint-Nicolas
Immaculée Conception
Incarnation
Isaïe
Islam
Janvier
Jean-Baptiste
Lecture de l'évangile
Mardi gras
Massacre des Innocents
Préparation
Seconde venue
Triduum pascal
Violet
 
Statistiques - réponses
Réponse % Correct
Calendrier
78%
Décembre
66%
Fête de Saint-Nicolas
42%
Anticipation
28%
Préparation
27%
Couronne
26%
Lecture de l'évangile
24%
Immaculée Conception
18%
Jean-Baptiste
11%
Incarnation
9%
Violet
8%
Dimanche de Gaudete
7%
Seconde venue
6%
Isaïe
5%
Aucun quiz correspondant
Distribution des résultats
% des personnes avec chaque résultat
Percentile par nombre de réponses
Votre historique - résultats
Vous n’avez pas pris ce quiz